banner koha

Efeitos da competicao de mato na cultura da cenoura (Registro n. 266445)

MARC details
000 -LÍDER
campo de controle de tamanho fixo 00975nac a22003017a 4500
001 - NÚMERO DE CONTROLE
campo de controle BR7601967
003 - IDENTIFICADOR DO NÚMERO DE CONTROLE
campo de controle BR-BrBNA
005 - DATA E HORÁRIO DA ÚLTIMA TRANSAÇÃO
campo de controle 20240105113933.0
008 - CAMPO DE DADOS FIXOS--INFORMAÇÃO GERAL
campo de controle de tamanho fixo 230509b bl.|||m| |||| 00| 0 por d
040 ## - FONTE DA CATALOGAÇÃO
Instituição da catalogação original BR-BrBNA
Idioma da catalogação por
Instituição que transcreveu o registro Biblioteca Nacional de Agricultura
072 ## - CÓDIGO DE CATEGORIA DE ASSUNTO
Código de Categoria de Assunto H60
090 ## - NÚMERO DE CHAMADA LOCAL
Número de chamada 1530 BR7601967
100 1# - ENTRADA PRINCIPAL--NOME PESSOAL
Nome pessoal Deuber, R.
100 1# - ENTRADA PRINCIPAL--NOME PESSOAL
Nome pessoal Forster, r.
100 1# - ENTRADA PRINCIPAL--NOME PESSOAL
Nome pessoal signori, L.H.
110 1# - ENTRADA PRINCIPAL--NOME CORPORATIVO
Nome corporativo ou nome da jurisdição Instituto Agronomico, Campinas, SP (Brasil)
111 1# - ENTRADA PRINCIPAL--NOME DO EVENTO
Nome do evento ou lugar 11. Seminario Brasileiro de Herbicidas e Ervas Daninhas
Local do evento Londrina, PR (Brazil)
Data do evento ou assinatura do tratado 20 Jul 1976
245 1# - TÍTULO
Título Efeitos da competicao de mato na cultura da cenoura
260 3# - PUBLICAÇÃO, DISTRIBUIÇÃO, ETC.
Local de publicação, distribuição, etc. Campinas, SP (Brasil):
Data da publicação, distribuição, etc. 1976.
300 ## - DESCRIÇÃO FÍSICA
Extensão 16 p.
490 ## - TÍTULO DA SÉRIE
Título da série Boletim Tecnico - Instituto Agronomico (Brazil)
Número do volume ou designação sequencial da série no. 39
ISSN - International Standard Serial Number
500 ## - NOTA GERAL
Nota geral Summaries (En, Pt); 4 tables; 5 ref.
650 ## - ASSUNTO--TERMO TÓPICO
Cabeçalho tópico ou nome geográfico Erva daninha
650 ## - ASSUNTO--TERMO TÓPICO
Cabeçalho tópico ou nome geográfico Herbicida
650 ## - ASSUNTO--TERMO TÓPICO
Cabeçalho tópico ou nome geográfico Cenoura
909 ## -
-- 202312
-- Lúcia Elande
-- 55
-- Lúcia Elande
942 ## - ELEMENTOS DE ENTRADA ADICIONADOS (KOHA)
Fonte da classificação ou esquema de arquivamento na estante Classificação AGRIS
Ocultar no OPAC Não
Tipo de material Koha Monografia Seriada
Exemplares
Situação do descarte Fonte da classificação ou esquema de arquivamento na estante Situação física Não pode ser emprestado Coleção Biblioteca de origem Biblioteca atual Localização na estante Total de empréstimos Número de telefone completo Código de barras Data de último acesso Tipo de material Koha Fonte de aquisição
  Classificação AGRIS       Biblioteca Nacional de Agricultura - Binagri Biblioteca Nacional de Agricultura - Binagri Agrobase - Acervo Geral   1530 BR7601967 1530 BR7601967 18/12/2023 Monografia Seriada Portaria Interministerial nº 164/94

BINAGRI

Telefone: (61)3218-2567/2388/3357/2097 - binagri@agro.gov.br

Ministério da Agricultura e Pecuária , Esplanada dos Ministérios, Bloco D, Anexo B, Brasília/DF, CEP: 70.043-900